kku e-library facility

Genes V (Record no. 161)

MARC details
000 -LEADER
fixed length control field 00368nam a2200133 4500
005 - DATE AND TIME OF LATEST TRANSACTION
control field 20260217095046.0
008 - FIXED-LENGTH DATA ELEMENTS--GENERAL INFORMATION
fixed length control field 260217b |||||||| |||| 00| 0 eng d
020 ## - INTERNATIONAL STANDARD BOOK NUMBER
International Standard Book Number 0198542887
100 ## - MAIN ENTRY--PERSONAL NAME
Personal name Lewin Benjamin
245 ## - TITLE STATEMENT
Title Genes V
Statement of responsibility, etc. /Benjamin Lewin
260 ## - PUBLICATION, DISTRIBUTION, ETC.
Place of publication, distribution, etc. New York;
Name of publisher, distributor, etc. Oxford University Press, Oxford;
Date of publication, distribution, etc. 1994
300 ## - PHYSICAL DESCRIPTION
Extent xxiv, 1272p. ill;
Dimensions 27.5cm
942 ## - ADDED ENTRY ELEMENTS (KOHA)
Source of classification or shelving scheme Library of Congress Classification
Suppress in OPAC No
Koha item type Books

No items available.

©2025 All rights reserved. KKU